000 00575nam a22001937a 4500
999 _c100062
_d100062
005 20220923121221.0
010 _aENG-115144
020 _a9789385755705
_c299.00
035 _aEN-98676
037 _bDBAD/PUB
082 _aS
100 _aPanda, Manoj Kumar
245 _aOne thousand days in a refrigerator /
_cby Manoj Kumar Panda; translated by Snehaprava Das
260 _aNew Delhi
_bSpeaking Tiger
_c2016
270 _a4381/4 Ansari Road, Daryaganj,
_bNew Delhi
_e110002
300 _a209p.
_c21cm(pbk)
700 _aDas, Snehaprava
942 _2ddc
_cEN
_mPAN
_hS